[Event "Stockerau-Open 2005 B-Turnier"]
[Site "B-Turnier"]
[Date "2005.05.07"]
[Round "4"]
[White "Weindl, Gerhard"]
[Black "Haslinger, Ewald"]
[Result "1-0"]
[WhiteElo "1629"]
[BlackElo "1456"]
[PlyCount "145"]
[EventDate "2005.05.05"]

1. e4 e5 2. Nf3 Nc6 3. Bc4 Nf6 4. Nc3 Bc5 5. O-O O-O 6. d3 d6 7. h3 Be6 8. Nd5
h6 9. c3 Kh8 10. a4 a6 11. b4 Ba7 12. Bd2 Bxd5 13. Bxd5 Nxd5 14. exd5 Ne7 15.
c4 Nf5 16. Qe2 Ng3 17. Qe1 Nxf1 18. Kxf1 Qf6 19. Rc1 Rfe8 20. c5 Rac8 21. Qe4
Qe7 22. g4 dxc5 23. bxc5 Bxc5 24. g5 h5 25. g6 Bd4 26. gxf7 Qxf7 27. Be1 Qf4
28. Qxf4 exf4 29. Nxd4 Re5 30. Ne2 Rxd5 31. Nxf4 Rf5 32. Ng6+ Kh7 33. Ne7 Rff8
34. Nxc8 Rxc8 35. Ba5 c6 36. Bb6 Rf8 37. Re1 Rf7 38. d4 Rd7 39. Bc5 Kg8 40. Re7
Rxe7 41. Bxe7 Kf7 42. Bc5 Ke6 43. a5 Kf5 44. f3 g5 45. Kf2 g4 46. fxg4+ hxg4
47. hxg4+ Kxg4 48. Ke3 Kf5 49. Kf3 Ke6 50. Ke4 Kd7 51. Ke5 Kc7 52. Ke6 Kc8 53.
Kd6 Kd8 54. Bb6+ Kc8 55. Ba7 Kd8 56. Bb6+ Kc8 57. Bc7 b5 58. axb6 Kb7 59. Kc5
a5 60. d5 cxd5 61. Kxd5 a4 62. Kc4 a3 63. Kb3 a2 64. Kxa2 Kc6 65. Ka3 Kb7 66.
Ka4 Kc6 67. Ka5 Kb7 68. Kb5 Ka8 69. Bd8 Kb7 70. Bf6 Kb8 71. Kc6 Ka8 72. b7+ Kb8
73. Be5+ 1-0

[Event "Stockerau-Open 2005 B-Turnier"]
[Site "B-Turnier"]
[Date "2005.05.07"]
[Round "4"]
[White "Peterka, Walter"]
[Black "Kammerer, Gernot"]
[Result "0-1"]
[WhiteElo "1567"]
[BlackElo "1607"]
[PlyCount "102"]
[EventDate "2005.05.05"]

1. b3 d5 2. Bb2 Nf6 3. d3 g6 4. Nd2 Bg7 5. e3 O-O 6. Ngf3 c5 7. Be2 Nc6 8. O-O
b6 9. a3 Bb7 10. Rb1 Qc7 11. c4 Rfd8 12. cxd5 Nxd5 13. Bxg7 Kxg7 14. Qc2 f6 15.
Qb2 e5 16. Rfd1 Qe7 17. e4 Nf4 18. Nc4 Nd4 19. Nxd4 Rxd4 20. Bf1 Rad8 21. Qc2
Qd7 22. Nb2 Ba6 23. g3 Nxd3 24. Bxd3 Bxd3 25. Nxd3 Rxd3 26. Re1 Qd4 27. Qe2 Rd2
28. Qf3 Qd3 29. Qxd3 R8xd3 30. h4 Kf7 31. a4 Ke6 32. Kg2 Rc3 33. g4 Rcc2 34.
Rf1 Rb2 35. Kg3 Rd3+ 36. f3 Rbxb3 37. a5 b5 38. a6 c4 39. Rxb3 cxb3 40. Rb1 Kd6
41. g5 Ke6 42. gxf6 Kxf6 43. Kf2 Ke6 44. Ke2 Rc3 45. Rb2 b4 46. Rb1 Kd6 47.
Rd1+ Kc6 48. Kd2 Kc5 49. Ke2 Kb5 50. Kd2 Kxa6 51. Ke2 Kb5 0-1

[Event "Stockerau-Open 2005 B-Turnier"]
[Site "B-Turnier"]
[Date "2005.05.07"]
[Round "4"]
[White "Paseka, Christian"]
[Black "Rath, Daniel"]
[Result "1-0"]
[WhiteElo "1590"]
[BlackElo "1268"]
[PlyCount "89"]
[EventDate "2005.05.05"]

1. d4 d5 2. c4 c5 3. dxc5 Nf6 4. Nf3 Nc6 5. e3 e5 6. Nc3 d4 7. exd4 Nxd4 8. Bg5
Nxf3+ 9. Qxf3 Be6 10. Bxf6 Qxf6 11. Qxf6 gxf6 12. b4 b6 13. Ne4 Be7 14. Nd6+
Bxd6 15. cxd6 Rc8 16. Rc1 Kd7 17. Be2 Kxd6 18. O-O Rhg8 19. Rfd1+ Ke7 20. a3
Rgd8 21. Rxd8 Kxd8 22. Kf1 Kc7 23. Ke1 Rd8 24. Rc3 e4 25. f3 f5 26. Kf2 exf3
27. Kxf3 Kc6 28. Ke3 a6 29. Bf3+ Kc7 30. h3 f4+ 31. Ke4 f6 32. Be2 Rd2 33. Kf3
h5 34. Rd3 Rc2 35. Rd4 Rc3+ 36. Kxf4 Rxa3 37. Bxh5 Ra4 38. Re4 Kd6 39. c5+ bxc5
40. bxc5+ Kxc5 41. Rxa4 Kb5 42. Re4 Bc4 43. Be8+ Kb4 44. Rxc4+ Kxc4 45. h4 1-0

[Event "Stockerau-Open 2005 B-Turnier"]
[Site "B-Turnier"]
[Date "2005.05.07"]
[Round "4"]
[White "Westermayer, Johann"]
[Black "Hetfleis, Enrico"]
[Result "1-0"]
[WhiteElo "1659"]
[BlackElo "1629"]
[PlyCount "29"]
[EventDate "2005.05.05"]

1. c4 c6 2. e4 d5 3. exd5 cxd5 4. d4 Nf6 5. Nc3 e6 6. Nf3 b6 7. Bd3 Bb7 8. O-O
Be7 9. cxd5 exd5 10. Bb5+ Bc6 11. Qa4 Bxb5 12. Qxb5+ Qd7 13. Re1 O-O 14. Qxd7
Nbxd7 15. Rxe7 1-0

[Event "Stockerau-Open 2005 B-Turnier"]
[Site "B-Turnier"]
[Date "2005.05.07"]
[Round "4"]
[White "Jirku, Erich"]
[Black "Paul, Ursula"]
[Result "0-1"]
[WhiteElo "1633"]
[BlackElo "1569"]
[PlyCount "54"]
[EventDate "2005.05.05"]

1. e4 e6 2. Nf3 d5 3. exd5 exd5 4. h3 Nf6 5. d4 Ne4 6. Bd3 Bf5 7. O-O Be7 8.
Bxe4 dxe4 9. Ne5 f6 10. Nc4 Nc6 11. c3 Qd7 12. Ne3 Bg6 13. f3 O-O-O 14. fxe4
Bxe4 15. Qg4 Qxg4 16. Nxg4 h5 17. Ne3 g6 18. Nd2 Bd3 19. Rf2 f5 20. Nf3 f4 21.
Nf1 g5 22. N1h2 Rdg8 23. Bd2 Bd6 24. Re1 g4 25. hxg4 hxg4 26. Ne5 Nxe5 27. dxe5
Bc5 0-1

[Event "Stockerau-Open 2005 B-Turnier"]
[Site "B-Turnier"]
[Date "2005.05.07"]
[Round "4"]
[White "Krueckel, Franz"]
[Black "Metzger, Siegfried"]
[Result "0-1"]
[WhiteElo "1593"]
[BlackElo "1537"]
[PlyCount "118"]
[EventDate "2005.05.05"]

1. c4 e5 2. Nc3 Nf6 3. d3 Nc6 4. g3 d6 5. Bg2 Bd7 6. Nf3 Be7 7. Bg5 h6 8. Bxf6
Bxf6 9. a3 a6 10. O-O Ne7 11. Nd2 Bc6 12. Nd5 Nxd5 13. cxd5 Bd7 14. Rb1 O-O 15.
Qc2 Rc8 16. Qb3 Rb8 17. Rbc1 c6 18. Nc4 Be7 19. Nb6 Be8 20. a4 c5 21. a5 f5 22.
f4 exf4 23. gxf4 Bf6 24. Nc4 Bb5 25. Qa3 Re8 26. Bf3 Bxc4 27. Rxc4 Bd4+ 28. Kh1
Qh4 29. Rxd4 cxd4 30. Qxd6 Qe7 31. Qg6 Qf7 32. Qb6 Qf6 33. d6 Red8 34. Rg1 Qxd6
35. Qb3+ Kh8 36. Qf7 Qf8 37. Qb3 Qf6 38. Rc1 Qd6 39. Qf7 Rf8 40. Qc7 Qxc7 41.
Rxc7 b6 42. Ra7 bxa5 43. Rxa6 Rxb2 44. Rxa5 Rb4 45. Kg2 g5 46. fxg5 hxg5 47. h3
Kg7 48. Rc5 Kg6 49. Kg3 Rf6 50. Rc4 Rxc4 51. dxc4 Rf7 52. Kf2 Re7 53. Ke1 Re3
54. Kd2 Kf6 55. c5 Rc3 56. c6 f4 57. Ke1 Ke6 58. Be4 Kd6 59. Bd3 Rxc6 0-1

[Event "Stockerau-Open 2005 B-Turnier"]
[Site "B-Turnier"]
[Date "2005.05.07"]
[Round "4"]
[White "Grabenweger, Wolfgang"]
[Black "Gindl, Herbert"]
[Result "1-0"]
[WhiteElo "1453"]
[BlackElo "1400"]
[PlyCount "98"]
[EventDate "2005.05.05"]

1. e4 c6 2. d4 d5 3. Nc3 dxe4 4. Nxe4 Bf5 5. Ng3 Bg6 6. Nf3 h6 7. Ne5 Bh7 8.
Bc4 e6 9. Qf3 Qf6 10. Qb3 Qe7 11. O-O Nf6 12. a3 Nd5 13. f4 Qc7 14. f5 Qb6 15.
c3 Qxb3 16. Bxb3 exf5 17. Nxf5 f6 18. Ng4 h5 19. Nge3 Nxe3 20. Nxe3 Nd7 21. Re1
O-O-O 22. Bd1 Bd3 23. Be2 Bxe2 24. Rxe2 Re8 25. Bd2 Bd6 26. Rae1 Bf4 27. g3 Bg5
28. Nc4 Rxe2 29. Rxe2 Bxd2 30. Nxd2 Kd8 31. Nc4 Re8 32. Rxe8+ Kxe8 33. Nd6+ Ke7
34. Nxb7 g5 35. h3 f5 36. Kf2 Nb6 37. b3 Nd5 38. c4 Nc3 39. Nc5 Kf6 40. Kf3 g4+
41. hxg4 hxg4+ 42. Kf2 Nd1+ 43. Ke2 Nc3+ 44. Kd3 f4 45. gxf4 g3 46. Ke3 Kf5 47.
Kf3 Ne2 48. Kxe2 Kxf4 49. Kf1 Ke3 1-0

[Event "Stockerau-Open 2005 B-Turnier"]
[Site "B-Turnier"]
[Date "2005.05.07"]
[Round "4"]
[White "Tunka, Johann Jun"]
[Black "Hansal, Franz"]
[Result "1-0"]
[WhiteElo "1473"]
[BlackElo "1442"]
[PlyCount "103"]
[EventDate "2005.05.05"]

1. e4 c5 2. c3 e6 3. d4 cxd4 4. cxd4 Nc6 5. Nf3 h6 6. Bd3 Be7 7. Nc3 a6 8. O-O
Nf6 9. a3 Qc7 10. Re1 d6 11. b4 b5 12. Be3 e5 13. d5 Nd8 14. Rc1 Qb8 15. Ne2
Bg4 16. Ng3 Qb7 17. Be2 Qd7 18. Nh4 h5 19. Nhf5 Kf8 20. Bg5 Bxe2 21. Rxe2 Ng8
22. Nxe7 Nxe7 23. Rec2 f6 24. Be3 g6 25. Qf3 Kg7 26. h4 Qg4 27. Qxg4 hxg4 28.
Rc7 Kf7 29. Rd7 Ke8 30. Rcc7 Rh7 31. Rxd6 Rc8 32. Rxc8 Nxc8 33. Rxf6 Ne7 34.
Bg5 Nf7 35. Rxa6 Nxg5 36. hxg5 Rg7 37. Ra7 Kf8 38. d6 Nc6 39. Ra8+ Kf7 40. Rc8
Ke6 41. Rxc6 Rd7 42. Rb6 Rxd6 43. Rxb5 Ra6 44. Ra5 Rb6 45. b5 Kd6 46. Ra6 Kc5
47. a4 Rxa6 48. bxa6 Kb6 49. Kf1 Kxa6 50. Ke2 Ka5 51. Kd3 Kxa4 52. Kc4 1-0

[Event "Stockerau-Open 2005 B-Turnier"]
[Site "B-Turnier"]
[Date "2005.05.08"]
[Round "5"]
[White "Kammerer, Gernot"]
[Black "Weindl, Gerhard"]
[Result "1/2-1/2"]
[WhiteElo "1607"]
[BlackElo "1629"]
[PlyCount "46"]
[EventDate "2005.05.05"]

1. e4 e5 2. Nf3 Nc6 3. d4 exd4 4. Nxd4 Nxd4 5. Qxd4 d6 6. Nc3 c6 7. Bf4 Be6 8.
O-O-O Qb6 9. Qxb6 axb6 10. a3 Rd8 11. g3 Nf6 12. Be2 Be7 13. e5 dxe5 14. Rxd8+
Bxd8 15. Bxe5 O-O 16. Bf3 Re8 17. Bf4 b5 18. Ne4 Nxe4 19. Bxe4 Bb6 20. f3 f5
21. Bd3 Kf7 22. Kd2 g6 23. Re1 Bd5 1/2-1/2

[Event "Stockerau-Open 2005 B-Turnier"]
[Site "B-Turnier"]
[Date "2005.05.08"]
[Round "5"]
[White "Pos, Andreas"]
[Black "Paseka, Christian"]
[Result "1-0"]
[WhiteElo "1755"]
[BlackElo "1590"]
[PlyCount "115"]
[EventDate "2005.05.05"]

1. c4 e5 2. Nc3 Nf6 3. a3 Nc6 4. e3 a6 5. g3 Bc5 6. Bg2 d6 7. Nge2 O-O 8. O-O
Bg4 9. Qc2 Qd7 10. b4 Ba7 11. Bb2 Bf5 12. d3 Qc8 13. Rad1 Re8 14. Qd2 Bh3 15.
d4 Bxg2 16. Kxg2 exd4 17. exd4 Qf5 18. f3 Re7 19. g4 Qd7 20. Qf4 h6 21. h4 Rae8
22. Rf2 Nd8 23. c5 d5 24. Ng3 Ne6 25. Qd2 Nf8 26. Nce2 c6 27. Nf5 Bb8 28. Nxe7+
Rxe7 29. Ng3 Qc7 30. Nf1 Ng6 31. h5 Nf4+ 32. Kh1 Nh7 33. Bc1 Ng5 34. Qxf4 Qxf4
35. Bxf4 Bxf4 36. Kg2 Ne6 37. a4 Bg5 38. Rb2 Nf4+ 39. Kh1 Ne2 40. b5 axb5 41.
axb5 Nc3 42. bxc6 Nxd1 43. cxb7 Bf4 44. b8=Q+ Bxb8 45. Rxb8+ Kh7 46. Rc8 Re1
47. Kg2 Re2+ 48. Kg3 Re1 49. Kg2 Re2+ 50. Kg1 Re1 51. c6 Ne3 52. Kf2 Rxf1+ 53.
Kxe3 Rc1 54. Kf4 g6 55. Ke5 gxh5 56. gxh5 Rh1 57. c7 Rxh5+ 58. Kf6 1-0

[Event "Stockerau-Open 2005 B-Turnier"]
[Site "B-Turnier"]
[Date "2005.05.08"]
[Round "5"]
[White "Lehner, Erich"]
[Black "Peterka, Walter"]
[Result "1-0"]
[WhiteElo "1795"]
[BlackElo "1567"]
[PlyCount "77"]
[EventDate "2005.05.05"]

1. e4 e5 2. Nf3 Nc6 3. Bc4 Bc5 4. O-O Nf6 5. Nc3 O-O 6. h3 d6 7. d3 h6 8. Ne2
Be6 9. Ng3 a6 10. c3 Na5 11. Bxe6 fxe6 12. b4 Bb6 13. bxa5 Bxa5 14. Qb3 Qe7 15.
Ba3 Nd7 16. d4 Qf7 17. dxe5 Nc5 18. Qc2 Bb6 19. Rab1 Ba7 20. Bxc5 Bxc5 21. Rxb7
Qf4 22. Rxc7 Qxg3 23. Rxc5 Rxf3 24. exd6 Qxd6 25. Rc4 Rf6 26. Rd1 Qe5 27. Rcd4
Qc7 28. Rd7 Qa5 29. R1d3 e5 30. Rg3 Rf7 31. Qb3 Raf8 32. Qe6 Qb5 33. Rxf7 Rxf7
34. Rf3 Qb7 35. Qe8+ Kh7 36. Rxf7 Qb1+ 37. Kh2 Qxe4 38. Qf8 Qc4 39. Qxg7# 1-0

[Event "Stockerau-Open 2005 B-Turnier"]
[Site "B-Turnier"]
[Date "2005.05.08"]
[Round "5"]
[White "Paul, Ursula"]
[Black "Westermayer, Johann"]
[Result "1/2-1/2"]
[WhiteElo "1569"]
[BlackElo "1659"]
[PlyCount "22"]
[EventDate "2005.05.05"]

1. e4 Nf6 2. Nc3 e6 3. a3 d5 4. exd5 exd5 5. d4 Bf5 6. Bg5 Be7 7. Nf3 O-O 8.
Bd3 Bxd3 9. Qxd3 c6 10. O-O Nbd7 11. Rae1 Re8 1/2-1/2

[Event "Stockerau-Open 2005 B-Turnier"]
[Site "B-Turnier"]
[Date "2005.05.08"]
[Round "5"]
[White "Zwerger, Kurt"]
[Black "Haslinger, Ewald"]
[Result "1/2-1/2"]
[WhiteElo "1624"]
[BlackElo "1456"]
[PlyCount "104"]
[EventDate "2005.05.05"]

1. d4 Nf6 2. c4 g6 3. Nc3 Bg7 4. Bg5 d6 5. e3 O-O 6. Nf3 c5 7. Be2 Nc6 8. d5
Ne5 9. Nxe5 dxe5 10. Bf3 Qb6 11. Qc2 Bd7 12. O-O Qd6 13. h3 Bf5 14. e4 Bd7 15.
a3 h6 16. Bh4 Nh7 17. g4 f5 18. exf5 gxf5 19. gxf5 Bxf5 20. Be4 Qg6+ 21. Bg3
Ng5 22. Bxf5 Rxf5 23. h4 Nf3+ 24. Kh1 Qh5 25. Qe4 Nd2 26. Qe2 Qxe2 27. Nxe2
Nxf1 28. Rxf1 e4 29. Rg1 Kh7 30. b4 b6 31. bxc5 bxc5 32. Rb1 Be5 33. Rb7 Bf6
34. d6 Kg6 35. dxe7 Be5 36. Bxe5 Rxe5 37. Nf4+ Kf7 38. Nd5 Rh5 39. Kh2 Rxh4+
40. Kg3 Rh1 41. Kf4 Rc1 42. Nc7 Rg8 43. Nd5 Rxc4 44. Ke5 Re8 45. Kd6 h5 46. Rd7
e3 47. fxe3 Re4 48. Rxa7 h4 49. Rc7 h3 50. Rxc5 R4xe7 51. Nxe7 Rxe7 52. Rf5+
Ke8 1/2-1/2

[Event "Stockerau-Open 2005 B-Turnier"]
[Site "B-Turnier"]
[Date "2005.05.08"]
[Round "5"]
[White "Rath, Daniel"]
[Black "Grabenweger, Wolfgang"]
[Result "1/2-1/2"]
[WhiteElo "1268"]
[BlackElo "1453"]
[PlyCount "77"]
[EventDate "2005.05.05"]

1. e4 e6 2. d4 d5 3. e5 c5 4. c3 Nc6 5. Nf3 Be7 6. Be2 Bd7 7. dxc5 Bxc5 8. b4
Bb6 9. a4 Bc7 10. Bf4 f6 11. b5 Nxe5 12. Nxe5 Bxe5 13. Bxe5 fxe5 14. O-O Nf6
15. Na3 O-O 16. c4 Qb6 17. Bg4 Nxg4 18. Qxg4 Rf4 19. Qe2 Raf8 20. Ra2 e4 21. g3
Rf3 22. Nc2 e5 23. cxd5 Bh3 24. Ne1 Bxf1 25. Kxf1 Rxf2+ 26. Qxf2 Rxf2+ 27. Rxf2
Qc5 28. Rd2 e3 29. Rd1 Qf8+ 30. Ke2 Qf2+ 31. Kd3 e2 32. Rc1 Qd4+ 33. Kxe2 e4
34. h4 Qb2+ 35. Kf1 e3 36. Rc8+ Kf7 37. Rc7+ Kg6 38. h5+ Kg5 39. Nc2 1/2-1/2

[Event "Stockerau-Open 2005 B-Turnier"]
[Site "B-Turnier"]
[Date "2005.05.08"]
[Round "5"]
[White "Tunka, Johann Jun"]
[Black "Jirku, Erich"]
[Result "1/2-1/2"]
[WhiteElo "1473"]
[BlackElo "1633"]
[PlyCount "58"]
[EventDate "2005.05.05"]

1. e4 d6 2. d4 g6 3. Nf3 Bg7 4. Be3 c6 5. c3 b5 6. b4 Qc7 7. h3 Nf6 8. Bd3 a6
9. O-O O-O 10. Bf4 Nh5 11. Qd2 Nxf4 12. Qxf4 e5 13. Qg3 h6 14. Nbd2 Nd7 15.
Rfc1 exd4 16. cxd4 Bb7 17. Rab1 Qb8 18. Nb3 Nf6 19. Na5 Nh5 20. Qh2 c5 21. Nxb7
Qxb7 22. Qxd6 cxd4 23. Rc7 Qb8 24. Rbc1 Ra7 25. Qd7 Rxc7 26. Rxc7 Qe8 27. Qd5
Nf4 28. Qb3 Nxd3 29. Qxd3 Qe6 1/2-1/2